Man and animal : (Record no. 75517)
[ view plain ]
| 000 -LEADER | |
|---|---|
| fixed length control field | 00869nam a2200265 a 4500 |
| 001 - CONTROL NUMBER | |
| control field | 75517 |
| 003 - CONTROL NUMBER IDENTIFIER | |
| rucl marc code | BD-RjUL |
| 005 - DATE AND TIME OF LATEST TRANSACTION | |
| control field | 20211209082713.0 |
| 008 - FIXED-LENGTH DATA ELEMENTS--GENERAL INFORMATION | |
| fixed length control field | 500101s1960 uk 000 0 eng d |
| 035 ## - SYSTEM CONTROL NUMBER | |
| System control number | CURL 0500B6015263(Lox) from sc12 |
| System control number | (BD-RjUL)75735 |
| 040 ## - CATALOGING SOURCE | |
| Original cataloging agency | BD-RjUL |
| Language of cataloging | eng |
| Transcribing agency | BD-RjUL |
| 041 ## - LANGUAGE CODE | |
| Language code of text/sound track or separate title | eng |
| 082 ## - DEWEY DECIMAL CLASSIFICATION NUMBER | |
| Edition number | 23 |
| Classification number | 576.8 |
| Author mark and year | POM 1960 |
| 100 1# - MAIN ENTRY--PERSONAL NAME | |
| Personal name | Poppelbaum, Hermann. |
| 9 (RLIN) | 230884 |
| 245 10 - TITLE STATEMENT | |
| Title | Man and animal : |
| Remainder of title | their essential difference / |
| Statement of responsibility, etc. | Hermann Poppelbaum ; translated from the German ed. |
| 250 ## - EDITION STATEMENT | |
| Edition statement | 2nd English ed., revised and enlarged / |
| Remainder of edition statement | edited by Owen Barfield |
| 260 ## - PUBLICATION, DISTRIBUTION, ETC. (IMPRINT) | |
| Place of publication, distribution, etc. | London : |
| Name of publisher, distributor, etc. | Anthroposophical Publishing Co, |
| Date of publication, distribution, etc. | 1960 |
| 300 ## - PHYSICAL DESCRIPTION | |
| Pagination | 166 p. : |
| Illustrations | ill. ; |
| Size | 23 cm . |
| 500 ## - GENERAL NOTE | |
| General note | Previous ed. 1931 |
| 650 #0 - SUBJECT ADDED ENTRY--TOPICAL TERM | |
| Topical term or geographic name as entry element | Evolution |
| 9 (RLIN) | 230885 |
| 700 1# - ADDED ENTRY--PERSONAL NAME | |
| Personal name | Barfield, Owen, |
| Dates associated with a name | 1898-1997. |
| 942 ## - ADDED ENTRY ELEMENTS (KOHA) | |
| Source of classification or shelving scheme | Dewey Decimal Classification |
| Koha item type | Books |
| Lost status | Source of classification or shelving scheme | Damaged status | Not for loan | Collection code | Permanent Location | Current Location | Shelving location | Date acquired | Source of acquisition | Total Checkouts | Full call number | Date last seen | Copy number | Koha item type |
|---|---|---|---|---|---|---|---|---|---|---|---|---|---|---|
| Dewey Decimal Classification | Not For Loan | Non-fiction | Central Library, University of Rajshahi | Central Library, University of Rajshahi | 30/03/1974 | British National Book Centre | 576.8 POM 1960 | 18/04/2019 | C-1 | Books |